[Event "Championnat de France des Jeunes - Benjamins"]
[Site "MONTLUCON"]
[Date "2011.04.17"]
[Round "1.1"]
[White "Lamard, Guillaume"]
[Black "Dudognon, Thibault"]
[Result "1-0"]
[WhiteElo "2162"]
[BlackElo "1687"]
[Annotator ""]

1. d4 Nf6 2. c4 c5 3. d5 e6 4. Nc3 exd5 5. cxd5 d6 6. g3 g6 7. Bg2 Bg7 8. Nf3
O-O 9. O-O Re8 10. Bf4 a6 11. a4 Ne4 12. Nxe4 Rxe4 13. Nd2 Rb4 14. Ra2 g5 15.
Be3 f5 16. Nf3 g4 17. Ng5 Bxb2 18. Bd2 Bg7 19. Bxb4 Qxg5 20. Bd2 Qe7 21. Qb1
Nd7 22. Qxf5 Ne5 23. Qb1 Rb8 24. Be4 b5 25. axb5 axb5 26. Bxh7+ Kh8 27. Bf5
Bxf5 28. Qxf5 b4 29. Rb1 Qb7 30. Qe6 b3 31. Ra3 c4 32. Qxd6 Ra8 33. Rxa8+ Qxa8
34. Bh6 Qg8 35. Bf4 Qh7 36. Qb8+ Qg8 37. Bxe5 Qxb8 38. Bxb8 b2 39. d6 c3 40. d7
Bf6 41. Be5 c2 42. d8=Q+ 1-0

[Event "Championnat de France des Jeunes - Benja"]
[Site "MONTLUCON"]
[Date "2011.04.17"]
[Round "1.2"]
[White "Biancarelli, Pablo"]
[Black "Bellahcene, Bilel"]
[Result "0-1"]
[WhiteElo "1684"]
[BlackElo "2156"]
[PlyCount "102"]

1. d4 Nf6 2. Nf3 e6 3. c4 b6 4. Bg5 Bb7 5. e3 Bb4+ 6. Nc3 h6 7. Bxf6 Qxf6 8.
Be2 c5 9. O-O cxd4 10. exd4 Bxc3 11. bxc3 O-O 12. Qd3 d6 13. Nd2 Nd7 14. Bf3
Bxf3 15. Qxf3 Qxf3 16. Nxf3 Rac8 17. Nd2 Rc7 18. a4 a5 19. Rab1 Rd8 20. Rfc1
Kf8 21. Kf1 Ke7 22. f4 Rdc8 23. Rb3 Rc6 24. Ke2 Nf6 25. Rcb1 Nd7 26. Kd3 g5 27.
fxg5 hxg5 28. Rc1 f5 29. g4 fxg4 30. Rg1 Nf6 31. Rgb1 Rh8 32. Rxb6 Rh3+ 33. Kc2
Rxb6 34. Rxb6 Rxh2 35. Rb7+ Ke8 36. Kd3 Rh3+ 37. Kc2 g3 38. Rb1 g2 39. Rg1 Ng4
40. Kd1 Rh1 41. Nf3 Nf2+ 42. Kc2 Rxg1 43. Nxg1 g4 44. Kd2 Nh3 45. Ne2 Ke7 46.
Ke3 e5 47. Ke4 Ke6 48. d5+ Kd7 49. Kf5 g1=Q 50. Nxg1 Nxg1 51. Kxg4 Ne2 0-1

[Event "Championnat de France des Jeunes - Benja"]
[Site "MONTLUCON"]
[Date "2011.04.17"]
[Round "1.3"]
[White "Kambrath, Yannick"]
[Black "Paillard, Maximilien"]
[Result "1-0"]
[WhiteElo "2124"]
[BlackElo "1682"]
[PlyCount "69"]

1. d4 e6 2. c4 d5 3. Nc3 Nf6 4. cxd5 exd5 5. Bg5 Be7 6. e3 c6 7. Bd3 O-O 8. Qc2
h6 9. Bh4 Nbd7 10. Nf3 Re8 11. O-O Bd6 12. Rab1 Nf8 13. Rfc1 Bg4 14. Nd2 Bh5
15. Nf1 Bg6 16. b4 a6 17. Na4 Bxd3 18. Qxd3 Ng6 19. Bxf6 Qxf6 20. Nc5 Bxc5 21.
bxc5 Re7 22. Rb6 Nh4 23. Rcb1 Qg5 24. Ng3 f5 25. Rxb7 Rae8 26. Rxe7 Rxe7 27.
Qxa6 f4 28. exf4 Qxf4 29. Qd3 Kf7 30. a4 Qg4 31. a5 Re4 32. f3 Rxd4 33. Qe3 Qf4
34. Rb7+ Kg6 35. Rxg7+ 1-0

[Event "Championnat de France des Jeunes - Benja"]
[Site "MONTLUCON"]
[Date "2011.04.17"]
[Round "1.4"]
[White "Vekemans, Sylvain"]
[Black "Msellek, Ilyass"]
[Result "0-1"]
[WhiteElo "1678"]
[BlackElo "2083"]
[PlyCount "88"]

1. c4 Nf6 2. Nc3 g6 3. g3 Bg7 4. Bg2 O-O 5. d4 d6 6. e3 c6 7. Nge2 e5 8. O-O
Nbd7 9. b4 Re8 10. b5 e4 11. Qc2 d5 12. cxd5 cxd5 13. Nf4 Nb6 14. a4 g5 15.
Nfe2 Bf5 16. Ba3 Nc4 17. Rfc1 Rc8 18. Qa2 Qd7 19. Rc2 Nh5 20. Rac1 Be6 21. Bc5
b6 22. Bb4 f5 23. g4 fxg4 24. Qb1 Bf8 25. Ng3 Nf6 26. Bxf8 Rxf8 27. Qb4 h5 28.
Ncxe4 dxe4 29. Rxc4 Bxc4 30. Rxc4 Qe6 31. d5 Rxc4 32. Qxc4 Qxd5 33. Qxd5+ Nxd5
34. Nxe4 Rd8 35. Nxg5 Nc3 36. Ne6 Rd1+ 37. Bf1 h4 38. f4 gxf3 39. Nd4 Ne2+ 40.
Kf2 Nxd4 41. Bc4+ Kg7 42. exd4 Rxd4 43. Bb3 Rd2+ 44. Kxf3 Rd3+ 0-1

[Event "Championnat de France des Jeunes - Benja"]
[Site "MONTLUCON"]
[Date "2011.04.17"]
[Round "1.5"]
[White "Viennot, Dylan"]
[Black "Bouvet, Florian"]
[Result "1-0"]
[WhiteElo "2076"]
[BlackElo "1675"]
[PlyCount "79"]

1. e4 c5 2. Nf3 d6 3. Bb5+ Bd7 4. Bxd7+ Nxd7 5. O-O Ngf6 6. Qe2 e6 7. c4 Be7 8.
Nc3 O-O 9. b3 a6 10. Bb2 e5 11. Ne1 Ne8 12. g3 g6 13. Nd5 Ng7 14. f4 f6 15. Ng2
Nb6 16. Nge3 Nxd5 17. Nxd5 Ne8 18. h4 Nc7 19. f5 Nxd5 20. cxd5 Qe8 21. d3 h6
22. fxg6 Qxg6 23. Qf3 h5 24. Kh2 Kh7 25. Qe3 Qh6 26. Qe2 Rg8 27. Rf5 Rg4 28.
Bc3 Rag8 29. Be1 Qg6 30. Qf3 Rb8 31. b4 cxb4 32. Bxb4 Rd8 33. d4 Rd7 34. dxe5
fxe5 35. Kh3 Kg8 36. Rc1 Kg7 37. Rc8 Bf6 38. Rxh5 Rxe4 39. Rg5 Rxb4 40. Rg8+
1-0

[Event "Championnat de France des Jeunes - Benja"]
[Site "MONTLUCON"]
[Date "2011.04.17"]
[Round "1.6"]
[White "Fetiveau, Arthur"]
[Black "Gelas, Christophe"]
[Result "0-1"]
[WhiteElo "1660"]
[BlackElo "2047"]
[PlyCount "48"]

1. e4 e6 2. d4 d5 3. e5 c5 4. c3 Nc6 5. Nf3 Qb6 6. Be2 cxd4 7. cxd4 Nge7 8. Nc3
Nf5 9. Bb5 Bb4 10. Bxc6+ bxc6 11. a3 Bxc3+ 12. bxc3 Ba6 13. Bd2 Rb8 14. Qa4 O-O
15. Qb4 Qc7 16. Qa4 Bd3 17. Bf4 Rb2 18. Nd2 Qb6 19. f3 Bc2 20. Nc4 dxc4 21.
Qxc4 Rb1+ 22. Kd2 Rxh1 23. Rxh1 Qb2 24. Rc1 Bb3+ 0-1

[Event "Championnat de France des Jeunes - Benja"]
[Site "MONTLUCON"]
[Date "2011.04.17"]
[Round "1.7"]
[White "Pruvot, Louis"]
[Black "Dupre-Depril, Baptiste"]
[Result "1-0"]
[WhiteElo "1973"]
[BlackElo "1656"]
[PlyCount "71"]

1. d4 d5 2. c4 e6 3. Nf3 Nf6 4. Bg5 Nbd7 5. e3 c6 6. a3 a6 7. Nc3 g6 8. Bd3 Bg7
9. O-O Qc7 10. Rc1 O-O 11. e4 dxe4 12. Nxe4 Nxe4 13. Bxe4 Nf6 14. Bd3 Bd7 15.
c5 Nd5 16. Re1 Rfe8 17. Bh4 Bh6 18. Bg3 Bf4 19. Rc2 Bxg3 20. hxg3 Rad8 21. Qd2
Bc8 22. Qh6 Nf6 23. Rce2 Ng4 24. Qg5 h5 25. Bc4 Qe7 26. Qf4 Nf6 27. Ng5 Nd5 28.
Qd2 Kg7 29. Nf3 Rh8 30. Re4 Nf6 31. Qg5 Qc7 32. Rf4 Qe7 33. Ne5 Rhf8 34. Re3
Rde8 35. Ref3 Nd5 36. Rxf7+ 1-0

[Event "Championnat de France des Jeunes - Benja"]
[Site "MONTLUCON"]
[Date "2011.04.17"]
[Round "1.8"]
[White "Marie, Florian"]
[Black "Purenne, Benoit"]
[Result "0-1"]
[WhiteElo "1650"]
[BlackElo "1940"]
[PlyCount "120"]

1. d4 d6 2. c4 e5 3. dxe5 dxe5 4. Qxd8+ Kxd8 5. Nc3 Be6 6. e3 Nd7 7. Nf3 f6 8.
b3 c6 9. Bb2 Kc7 10. Bd3 Nh6 11. Bc2 Be7 12. O-O Rad8 13. Rfd1 Bg4 14. Kf1 Bxf3
15. gxf3 g6 16. Ne2 Nf7 17. f4 Rhf8 18. Rac1 Bd6 19. fxe5 fxe5 20. Ng3 Nf6 21.
Ne4 Nxe4 22. Bxe4 Ng5 23. Bg2 e4 24. h3 Bg3 25. Rxd8 Rxf2+ 26. Kg1 Kxd8 27.
Rd1+ Ke7 28. Ba3+ Ke6 29. Bd6 Nf3+ 30. Bxf3 Rxf3 31. Bxg3 Rxg3+ 32. Kf2 Rxh3
33. Rd4 Kf5 34. Rd7 Kg4 35. Re7 Rh2+ 36. Kg1 Rxa2 37. Rxe4+ Kg3 38. Kf1 Kf3 39.
Rf4+ Kxe3 40. Rf7 h5 41. Rxb7 h4 42. Rc7 h3 43. Rh7 h2 44. b4 Ra1+ 45. Kg2
h1=Q+ 46. Rxh1 Rxh1 47. Kxh1 Kd4 48. b5 c5 49. Kg2 Kxc4 50. b6 axb6 51. Kf3 b5
52. Ke2 g5 53. Ke1 b4 54. Kd1 g4 55. Kc2 g3 56. Kb2 g2 57. Kc2 g1=Q 58. Kb2
Qf2+ 59. Ka1 Kb3 60. Kb1 Qb2# 0-1

[Event "Championnat de France des Jeunes - Benja"]
[Site "MONTLUCON"]
[Date "2011.04.17"]
[Round "1.9"]
[White "Poulet, Pierre-Emmanuel"]
[Black "Hoerdt, Audran"]
[Result "1-0"]
[WhiteElo "1903"]
[BlackElo "1644"]
[PlyCount "45"]

1. e4 e6 2. d4 d5 3. Nd2 Nf6 4. e5 Nfd7 5. Bd3 c5 6. c3 Nc6 7. Ne2 Qa5 8. O-O
b5 9. Nf3 b4 10. Be3 bxc3 11. bxc3 Ba6 12. Re1 Rb8 13. Nf4 c4 14. Bc2 Qxc3 15.
Ng5 g6 16. Bd2 Qxd4 17. Nfxe6 fxe6 18. Nxe6 Qb6 19. Rb1 Nb4 20. Qg4 Rg8 21. Ba4
Bc8 22. Bg5 Qa6 23. Nc7+ 1-0

[Event "Championnat de France des Jeunes - Benja"]
[Site "MONTLUCON"]
[Date "2011.04.17"]
[Round "1.10"]
[White "Bavouzet, Maxime"]
[Black "Laverdet, Tristan"]
[Result "1/2-1/2"]
[WhiteElo "1640"]
[BlackElo "1900"]
[PlyCount "123"]

1. Nf3 f5 2. d3 Nf6 3. g3 g6 4. Bg2 Bg7 5. O-O d6 6. Nbd2 O-O 7. c3 e5 8. e4
Nc6 9. Ng5 Qe8 10. b4 h6 11. Ngf3 g5 12. a4 f4 13. h3 g4 14. hxg4 Bxg4 15. Qb3+
Kh8 16. gxf4 exf4 17. Re1 Qh5 18. b5 Ne5 19. Nxe5 dxe5 20. Ba3 f3 21. Bxf8 Rxf8
22. Nxf3 Bxf3 23. Bxf3 Qxf3 24. Re3 Qh5 25. Rg3 Ng4 26. Rg2 Rf3 27. Qe6 Rh3 28.
Qc8+ Kh7 29. Qf5+ Qxf5 30. exf5 Nf6 31. Rd1 Rf3 32. d4 exd4 33. cxd4 Rxf5 34.
Rc1 Nd5 35. Rg4 b6 36. Kg2 Nf4+ 37. Kf1 Nd5 38. Ke2 h5 39. Re4 Kg6 40. Rc6+ Kf7
41. f3 Bf6 42. Kf2 h4 43. Rc1 Rh5 44. Rh1 Nc3 45. Rf4 Nxa4 46. Rc1 Nb2 47.
Rxc7+ Kg6 48. Rg4+ Kf5 49. Rxa7 Nd1+ 50. Ke2 h3 51. Rg1 h2 52. Rh1 Nc3+ 53. Kd3
Nxb5 54. Ra2 Rh3 55. Raxh2 Rxf3+ 56. Kc4 Nxd4 57. Rf2 Ke6 58. Rxf3 Nxf3 59. Rh6
Ne5+ 60. Kb5 Nd7 61. Rh7 Be7 62. Rh6+ 1/2-1/2

[Event "Championnat de France des Jeunes - Benjamins"]
[Site "MONTLUCON"]
[Date "2011.04.18"]
[Round "2.2"]
[White "Bellahcene, Bilel"]
[Black "Gautier, Selvan"]
[Result "1-0"]
[WhiteElo "2156"]
[BlackElo "1777"]
[PlyCount "59"]

1. e4 d5 2. exd5 Nf6 3. d4 Nxd5 4. c4 Nb6 5. Nc3 g6 6. Be3 Bg7 7. Nf3 O-O 8.
Qb3 c6 9. Be2 a5 10. O-O a4 11. Qc2 Bf5 12. Qd2 Be6 13. b3 axb3 14. axb3 Na6
15. Rfd1 Nd7 16. Ng5 Nc7 17. Bf4 Bf5 18. Rxa8 Nxa8 19. g4 f6 20. Nxh7 Kxh7 21.
gxf5 gxf5 22. Qd3 e6 23. Qh3+ Kg8 24. Bd6 Rf7 25. Bh5 Nf8 26. Bxf7+ Kxf7 27.
Bxf8 Qxf8 28. d5 Qe7 29. Qh5+ Kf8 30. dxe6 1-0

[Event "Championnat de France des Jeunes - Benjamins"]
[Site "MONTLUCON"]
[Date "2011.04.18"]
[Round "2.3"]
[White "Lagrave, Lucas"]
[Black "Kambrath, Yannick"]
[Result "0-1"]
[WhiteElo "1775"]
[BlackElo "2124"]
[PlyCount "134"]

1. d4 Nf6 2. c4 g6 3. Nc3 d5 4. cxd5 Nxd5 5. e4 Nxc3 6. bxc3 c5 7. Bc4 Bg7 8.
Be3 O-O 9. Ne2 Nc6 10. O-O Qc7 11. Rc1 b6 12. Qd2 Bb7 13. f3 Rad8 14. Rfd1 Na5
15. Bd3 e5 16. d5 c4 17. Bc2 Bc8 18. h3 Nb7 19. f4 f6 20. fxe5 fxe5 21. Rf1 Nd6
22. Bg5 Rxf1+ 23. Rxf1 Rf8 24. Rxf8+ Bxf8 25. Kf1 Qc5 26. Qc1 Nf7 27. Be3 Qd6
28. Ng1 Qf6+ 29. Nf3 Bxh3 30. Kg1 Bg4 31. Nd2 b5 32. a4 a6 33. axb5 axb5 34.
Qa1 Qh4 35. Bf2 Qg5 36. Qe1 Bh6 37. Nf1 Qc1 38. Bb1 Qxe1 39. Bxe1 Nd6 40. Bg3
Nf7 41. Bf2 Be2 42. Bc5 Bf8 43. Be3 Nd6 44. Kf2 Bg4 45. Nh2 Bd7 46. Nf3 Nf7 47.
Bb6 Kg7 48. Bc2 Kf6 49. Bd1 Nd6 50. Nd2 Nb7 51. Kg3 h5 52. Nf3 Bc5 53. Bc7 Bd6
54. Bb6 Nc5 55. Bc2 Na4 56. Bd8+ Kg7 57. Bxa4 bxa4 58. Bg5 a3 59. Bc1 a2 60.
Bb2 Ba3 61. Ba1 Kh6 62. Nd2 Bb5 63. Kh4 Bc1 64. Nf3 Bf4 65. g3 Be3 66. Ne1 Bd7
67. Nf3 Bg4 0-1

[Event "Championnat de France des Jeunes - Benjamins"]
[Site "MONTLUCON"]
[Date "2011.04.18"]
[Round "2.4"]
[White "Msellek, Ilyass"]
[Black "Stili, Mehdi"]
[Result "1-0"]
[WhiteElo "2083"]
[BlackElo "1760"]
[PlyCount "81"]

1. e4 e6 2. d4 d5 3. Nc3 Bb4 4. e5 Ne7 5. a3 Bxc3+ 6. bxc3 b6 7. a4 Ba6 8. Bxa6
Nxa6 9. Qd3 Nb8 10. Ba3 Nd7 11. Nf3 c5 12. O-O O-O 13. Nd2 Re8 14. f4 Qc7 15.
Rf3 Rac8 16. Rh3 Nf8 17. Ra2 Qd7 18. Qb5 c4 19. Nf1 Ra8 20. Qb1 Nfg6 21. Rf3
Nc6 22. Ne3 Qd8 23. Qe1 Qh4 24. g3 Qh6 25. f5 Nf8 26. Bc1 g5 27. Ng4 Qg7 28.
Nf6+ Kh8 29. Nxe8 Rxe8 30. g4 h6 31. Ba3 Nb8 32. Bxf8 Rxf8 33. Qf2 Nd7 34. fxe6
fxe6 35. Rxf8+ Qxf8 36. Qxf8+ Nxf8 37. a5 b5 38. a6 Nd7 39. Rb2 Nb8 40. Rxb5
Nxa6 41. Rb7 1-0

[Event "Championnat de France des Jeunes - Benjamins"]
[Site "MONTLUCON"]
[Date "2011.04.18"]
[Round "2.5"]
[White "Kern, Nicolas"]
[Black "Viennot, Dylan"]
[Result "0-1"]
[WhiteElo "1769"]
[BlackElo "2076"]
[Annotator "Joelle,Microsoft"]
[PlyCount "66"]

1. e4 e6 2. d3 d5 3. Nd2 Nf6 4. Ngf3 b6 5. g3 dxe4 6. dxe4 Bb7 7. Bb5+ Nbd7 8.
Ne5 Qc8 9. Nxd7 Nxd7 10. O-O a6 11. Be2 Be7 12. Bf3 O-O 13. Qe2 a5 14. Rd1 Bc6
15. Qe1 Ne5 16. Bg2 Bb7 17. Nf3 Nxf3+ 18. Bxf3 e5 19. Qc3 Bd6 20. Bg2 Qg4 21.
f3 Qe6 22. Be3 a4 23. Qd2 Qg6 24. Bxb6 f5 25. exf5 Rxf5 26. Be3 Raf8 27. Rf1
Qf7 28. Rf2 Bxf3 29. Bxf3 Rxf3 30. Raf1 Rxf2 31. Rxf2 Qxa2 32. Rxf8+ Kxf8 33.
Qf2+ Qf7 {temps.} 0-1

[Event "Championnat de France des Jeunes - Benjamins"]
[Site "MONTLUCON"]
[Date "2011.04.18"]
[Round "2.6"]
[White "Gelas, Christophe"]
[Black "Micottis, Dorian"]
[Result "1-0"]
[WhiteElo "2047"]
[BlackElo "1727"]
[PlyCount "48"]

1. d4 Nf6 2. c4 g6 3. f3 Bg7 4. e4 d6 5. Nc3 O-O 6. Bg5 Nbd7 7. Nh3 c5 8. d5 b6
9. Be2 Bb7 10. O-O Qb8 11. Qd2 e5 12. dxe6 fxe6 13. Rad1 Ne8 14. Kh1 Rf7 15.
Nb5 Nf8 16. Bh6 Rd7 17. Bxg7 Kxg7 18. Nf2 d5 19. cxd5 exd5 20. exd5 Rxd5 21.
Qc3+ Nf6 22. Ng4 N8d7 23. Bc4 Rxd1 24. Rxd1 Qe8 1-0

[Event "Championnat de France des Jeunes - Benjamins"]
[Site "MONTLUCON"]
[Date "2011.04.18"]
[Round "2.7"]
[White "Trogno, Lucas"]
[Black "Pruvot, Louis"]
[Result "0-1"]
[WhiteElo "1750"]
[BlackElo "1973"]
[PlyCount "66"]

1. e4 e5 2. Nf3 Nc6 3. d4 exd4 4. Nxd4 Bc5 5. Be3 Qf6 6. c3 Nge7 7. Bc4 b6 8.
O-O Bb7 9. Nxc6 Qxc6 10. Bxc5 Qxc5 11. Qd3 Ng6 12. Ba6 Nf4 13. Qc4 Bxa6 14.
Qxa6 O-O 15. Nd2 Nxg2 16. Kxg2 Qg5+ 17. Kh1 Qxd2 18. Qb5 c6 19. Qf5 Rae8 20.
Rg1 Re6 21. Rad1 Qxb2 22. Rxd7 Rg6 23. Rxg6 hxg6 24. Qe5 Qxf2 25. Qg3 Qf1+ 26.
Qg1 Qf3+ 27. Qg2 Qxc3 28. Rxa7 Rd8 29. Qf1 f6 30. Rb7 Qc2 31. Rxb6 Rd1 32. Qxd1
Qxd1+ 33. Kg2 Qe2+ 0-1

[Event "Championnat de France des Jeunes - Benjamins"]
[Site "MONTLUCON"]
[Date "2011.04.18"]
[Round "2.8"]
[White "Purenne, Benoit"]
[Black "Cogan, Nicolas"]
[Result "1-0"]
[WhiteElo "1940"]
[BlackElo "1718"]
[PlyCount "132"]

1. d4 Nf6 2. Nf3 e6 3. e3 b6 4. Nbd2 Bb7 5. Bd3 d5 6. O-O Bd6 7. b3 O-O 8. Ne5
c5 9. Bb2 Nc6 10. a3 Rc8 11. f4 Nd7 12. Qg4 f5 13. Qh3 Nf6 14. Ndf3 Qe8 15. Ng5
Nd8 16. dxc5 Bxc5 17. b4 Bd6 18. Nxe6 Nxe6 19. Bxf5 Nxf4 20. exf4 Rc7 21. Rae1
Qh5 22. Be6+ Kh8 23. Qxh5 Nxh5 24. Nd7 Rd8 25. Rf3 Bc8 26. Bg4 Bxd7 27. Bxh5
Rxc2 28. Bd4 Bf5 29. Rfe3 Be4 30. Rg3 Rd7 31. h4 Kg8 32. Bg4 Re7 33. Bd1 Rd2
34. Bf6 Rf7 35. Bc3 Rd3 36. Rxd3 Bxd3 37. Ba1 Rxf4 38. Bh5 g6 39. Bf3 Be4 40.
Bxe4 dxe4 41. Rd1 Be7 42. Rd7 Bxh4 43. Bd4 Bg3 44. Rg7+ Kf8 45. Rxa7 Rf5 46.
Bxb6 Rd5 47. Bc5+ Kg8 48. Kf1 Rd3 49. Ra8+ Kf7 50. Ke2 Rb3 51. a4 g5 52. b5
Rb2+ 53. Kf1 Bf4 54. b6 e3 55. a5 e2+ 56. Ke1 Bd2+ 57. Kxe2 Bb4+ 58. Kd3 Bxc5
59. Ra7+ Kg8 60. Ra8+ Kf7 61. Ra7+ Kg8 62. Ra8+ Kg7 63. Rb8 Ra2 64. b7 Rxa5 65.
Rg8+ Kxg8 66. b8=Q+ Kf7 1-0

[Event "Championnat de France des Jeunes - Benjamins"]
[Site "MONTLUCON"]
[Date "2011.04.18"]
[Round "2.9"]
[White "Daeschler, Florian"]
[Black "Poulet, Pierre-Emmanuel"]
[Result "1/2-1/2"]
[WhiteElo "1741"]
[BlackElo "1903"]
[PlyCount "198"]

1. d4 Nf6 2. Bf4 g6 3. e3 Bg7 4. Nf3 O-O 5. Be2 d6 6. c4 Nbd7 7. Nc3 Re8 8. O-O
e5 9. dxe5 dxe5 10. Nxe5 Nh5 11. Bxh5 Nxe5 12. Bxe5 Bxe5 13. Bf3 Qh4 14. g3
Qxc4 15. Bd5 Qb4 16. Qf3 Rf8 17. Ne4 c6 18. Bb3 Bf5 19. Ng5 Qe7 20. e4 Qxg5 21.
exf5 Qxf5 22. Qxf5 gxf5 23. Bc2 Rad8 24. Rfd1 b6 25. Bxf5 Bxb2 26. Rab1 Bd4 27.
g4 Kg7 28. Rd3 Rd6 29. Re1 Rfd8 30. Kg2 Bf6 31. Red1 Rd4 32. Rxd4 Bxd4 33. Kf3
c5 34. a4 Re8 35. Bd7 Re7 36. Bb5 Re6 37. Rd2 Rf6+ 38. Kg3 Be5+ 39. Kg2 Rf4 40.
h3 c4 41. f3 c3 42. Rc2 a6 43. Bxa6 Rxa4 44. Bd3 h6 45. Kf2 Ra1 46. h4 Rh1 47.
h5 Kf6 48. Ke3 Kg5 49. Ke4 Re1+ 50. Kd5 Kf4 51. Be4 Rd1+ 52. Kc4 Rd4+ 53. Kb3
b5 54. Ra2 b4 55. Ra7 f6 56. Rb7 Bd6 57. Rb5 Rd2 58. Rf5+ Kg3 59. Rxf6 Rb2+ 60.
Ka4 c2 61. Bxc2 Ra2+ 62. Kb5 Rxc2 63. Rxd6 b3 64. Rd3 b2 65. Rb3 Rc8 66. Ka6
Rc2 67. Kb5 Rf2 68. Kc4 Rxf3 69. Rxb2 Kxg4 70. Rh2 Rf1 71. Kd4 Re1 72. Kd3 Kg3
73. Re2 Rd1+ 74. Rd2 Rh1 75. Ke4 Rxh5 76. Rd3+ Kg4 77. Rd1 Rh3 78. Rd6 Rh1 79.
Rg6+ Kh5 80. Rg2 Kh4 81. Kf3 h5 82. Kf2 Ra1 83. Kf3 Ra3+ 84. Kf4 Kh3 85. Rg5 h4
86. Rg1 Kh2 87. Rg5 h3 88. Rg6 Ra2 89. Kf3 Ra8 90. Rg5 Rf8+ 91. Ke2 Kh1 92. Rg4
Ra8 93. Kf3 Ra2 94. Rg3 h2 95. Rg5 Ra1 96. Ke2 Rg1 97. Rf5 Rg4 98. Kf1 Rg6 99.
Rf7 Rg8 1/2-1/2

[Event "Championnat de France des Jeunes - Benjamins"]
[Site "MONTLUCON"]
[Date "2011.04.18"]
[Round "2.10"]
[White "Caslani, Nicolas"]
[Black "Rodriguez, Adrien"]
[Result "0-1"]
[WhiteElo "1732"]
[BlackElo "1889"]
[PlyCount "46"]

1. Nf3 Nf6 2. b3 c5 3. Bb2 e6 4. e3 d5 5. c4 Nc6 6. d4 cxd4 7. exd4 Bd6 8. Be2
O-O 9. O-O Qe7 10. c5 Bb8 11. a3 a5 12. Nbd2 Ne4 13. Re1 f5 14. Bc1 e5 15. Nxe4
fxe4 16. Nd2 exd4 17. Nf1 Qf6 18. Bb2 Qxf2+ 19. Kh1 d3 20. Bxd3 Qxb2 21. Bb5
Qe5 22. Ng3 Nd4 23. Be2 Nf5 0-1

[Event "Championnat de France des Jeunes - Benjamins"]
[Site "MONTLUCON"]
[Date "2011.04.18"]
[Round "3.1"]
[White "Lamard, Guillaume"]
[Black "Lam-Roques, Kalvin"]
[Result "1-0"]
[WhiteElo "2162"]
[BlackElo "1876"]
[Annotator ""]

1. d4 d5 2. c4 e6 3. Nc3 Nf6 4. cxd5 exd5 5. Bg5 Be7 6. Qc2 c6 7. e3 Nbd7 8.
Bd3 h6 9. Bf4 O-O 10. h3 a6 11. Nf3 Re8 12. O-O c5 13. Ne5 b5 14. Nxd7 Bxd7 15.
dxc5 Bxc5 16. Nxb5 Rc8 17. Nc3 Qb6 18. Na4 Qa5 19. Nxc5 Rxc5 20. Qd1 Bb5 21. b4
Qxb4 22. Bd6 Rec8 23. Bxc5 Qxc5 24. Bxb5 axb5 25. Rc1 Qf8 26. Qb3 Rc5 27. Qb4
Rc4 28. Qxb5 Rb4 29. Qc5 Qb8 30. Qc8+ Kh7 31. Qf5+ 1-0

[Event "Championnat de France des Jeunes - Benjamins"]
[Site "MONTLUCON"]
[Date "2011.04.18"]
[Round "3.2"]
[White "Froment, Theophile"]
[Black "Bellahcene, Bilel"]
[Result "0-1"]
[WhiteElo "1848"]
[BlackElo "2156"]
[PlyCount "96"]

1. e4 c5 2. Nf3 d6 3. d4 cxd4 4. Qxd4 Nc6 5. Bb5 Bd7 6. Bxc6 Bxc6 7. Nc3 Nf6 8.
Bg5 e6 9. Qd3 Be7 10. O-O-O Qa5 11. h4 O-O 12. Nd4 Rac8 13. f4 Rfd8 14. f5 e5
15. Nb3 Qc7 16. Bxf6 Bxf6 17. Kb1 b5 18. g4 b4 19. g5 bxc3 20. gxf6 gxf6 21.
Rhg1+ Kf8 22. Rge1 cxb2 23. Kxb2 a5 24. Ka1 Bb7 25. Re2 a4 26. Nc1 Ke7 27. a3
Qc3+ 28. Qxc3 Rxc3 29. Rd3 Rdc8 30. Kb2 R3c4 31. Rde3 d5 32. Nd3 Rxe4 33. Rxe4
dxe4 34. Nf2 Rc4 35. Re3 Bc8 36. Rxe4 Rxe4 37. Nxe4 Bxf5 38. Ng3 Bd7 39. c4 f5
40. Kc3 f4 41. Ne4 f5 42. Ng5 h6 43. Nf3 Kd6 44. Kb4 Bc6 45. Nd2 f3 46. c5+ Ke6
47. Kc4 f2 48. Kd3 Bb5+ 0-1

[Event "Championnat de France des Jeunes - Benjamins"]
[Site "MONTLUCON"]
[Date "2011.04.18"]
[Round "3.3"]
[White "Kambrath, Yannick"]
[Black "Grezels, Florian"]
[Result "1-0"]
[WhiteElo "2124"]
[BlackElo "1852"]
[PlyCount "85"]

1. d4 d5 2. c4 c6 3. Nf3 Nf6 4. Nc3 a6 5. e3 b5 6. c5 Bg4 7. Be2 Nbd7 8. O-O g6
9. h3 Bxf3 10. Bxf3 e5 11. e4 exd4 12. exd5 cxd5 13. Nxd5 Nxd5 14. Bxd5 Rc8 15.
Qxd4 Qf6 16. Bxf7+ Kxf7 17. Qxd7+ Be7 18. Be3 Rhd8 19. Qb7 Kg8 20. Rfd1 Bxc5
21. Rxd8+ Qxd8 22. Rc1 Rc7 23. Qxa6 Bxe3 24. Qe6+ Kf8 25. Qxe3 Rxc1+ 26. Qxc1
Qd5 27. b3 Kg7 28. Qc3+ Kh6 29. Qc2 b4 30. a4 bxa3 31. Qc1+ Kg7 32. Qxa3 Qd1+
33. Kh2 Qe2 34. Qa7+ Kg8 35. Qc5 Qd2 36. b4 Qf4+ 37. g3 Qf3 38. b5 Kg7 39. b6
Kg8 40. Qc4+ Kg7 41. Qf4 Qb3 42. Qc7+ Kh6 43. b7 1-0

[Event "Championnat de France des Jeunes - Benjamins"]
[Site "MONTLUCON"]
[Date "2011.04.18"]
[Round "3.4"]
[White "Mangold, Noe"]
[Black "Msellek, Ilyass"]
[Result "0-1"]
[WhiteElo "1831"]
[BlackElo "2083"]
[PlyCount "146"]

1. d4 Nf6 2. c4 g6 3. Nc3 Bg7 4. Bg5 d6 5. e3 O-O 6. Nf3 Nbd7 7. Be2 c6 8. O-O
h6 9. Bh4 g5 10. Bg3 Nh5 11. Nd2 Nxg3 12. hxg3 f5 13. g4 Nf6 14. gxf5 Bxf5 15.
e4 Bg6 16. Bd3 e5 17. d5 c5 18. Be2 h5 19. Qc2 g4 20. g3 Nh7 21. Kg2 Qf6 22.
Nb5 Ng5 23. f3 gxf3+ 24. Bxf3 Qe7 25. Rae1 a6 26. Nc3 b5 27. Re2 Qd7 28. Rh1 b4
29. Na4 Rab8 30. b3 Rf7 31. Qd3 Nxf3 32. Nxf3 Bh6 33. Nh4 Bh7 34. Nf3 Rbf8 35.
Rf2 Bg6 36. Nb2 Kh7 37. Qe2 Rf6 38. Nd3 Qf7 39. Nde1 Kg8 40. Kf1 Qh7 41. Rh4
Bg5 42. Rhh2 Qh6 43. Nxg5 Qxg5 44. Qd3 Qg4 45. Rxf6 Rxf6+ 46. Rf2 Rxf2+ 47.
Kxf2 Qxe4 48. Qd2 Qd4+ 49. Qe3 Bb1 50. Nf3 Qxe3+ 51. Kxe3 Kg7 52. Nd2 Bf5 53.
Nf3 Kg6 54. Nh4+ Kg5 55. Nf3+ Kg4 56. Kf2 Bc2 57. Nd2 a5 58. Nf1 Bb1 59. Nd2
Bg6 60. Nf1 Be4 61. Nd2 Bg6 62. Nf1 Bd3 63. Ne3+ Kh3 64. Kf3 Bb1 65. Nf1 e4+
66. Kf4 Bxa2 67. Nd2 e3 68. Kxe3 Kxg3 69. Ne4+ Kg4 70. Nxd6 Bxb3 71. Nf7 Kf5
72. Nd6+ Ke5 73. Nf7+ Kf6 0-1

[Event "Championnat de France des Jeunes - Benjamins"]
[Site "MONTLUCON"]
[Date "2011.04.18"]
[Round "3.5"]
[White "Viennot, Dylan"]
[Black "Bandet, Raphael"]
[Result "1-0"]
[WhiteElo "2076"]
[BlackElo "1813"]
[PlyCount "53"]

1. e4 e5 2. Bc4 Nc6 3. d3 Bc5 4. Nc3 d6 5. Nge2 Bg4 6. f3 Qh4+ 7. Ng3 Be6 8.
Bxe6 fxe6 9. Na4 Bb4+ 10. c3 Ba5 11. b4 Bb6 12. Nxb6 axb6 13. Be3 Nf6 14. Qd2
h6 15. O-O O-O 16. d4 exd4 17. cxd4 Ra3 18. b5 Na7 19. Rab1 Ra5 20. Qe2 Ra8 21.
Qc4 d5 22. Qxc7 dxe4 23. Qxb7 Nc8 24. Nxe4 R5a7 25. Qc6 Re7 26. Nxf6+ Qxf6 27.
Qxa8 1-0

[Event "Championnat de France des Jeunes - Benjamins"]
[Site "MONTLUCON"]
[Date "2011.04.18"]
[Round "3.6"]
[White "Dumas, Charles"]
[Black "Gelas, Christophe"]
[Result "0-1"]
[WhiteElo "1806"]
[BlackElo "2047"]
[PlyCount "118"]

1. e4 e6 2. d4 d5 3. Nd2 Nf6 4. e5 Nfd7 5. Ngf3 c5 6. c3 Nc6 7. Bd3 cxd4 8.
cxd4 a5 9. O-O Nb6 10. Re1 Bd7 11. Nf1 Be7 12. Bd2 Nb4 13. Bb1 Nc4 14. Bc3 b5
15. Ng3 Rc8 16. Nh5 Kf8 17. Nd2 g6 18. Nxc4 dxc4 19. Nf4 Bc6 20. a3 Nd5 21.
Nxd5 Bxd5 22. Qd2 Ra8 23. Be4 Bxe4 24. Rxe4 Kg7 25. Rd1 Qd5 26. Ree1 Bd8 27. h3
h5 28. Qe3 h4 29. Qe4 Be7 30. Qxd5 exd5 31. e6 f6 32. Ra1 Ra6 33. Bd2 Rb8 34.
Re2 Rbb6 35. Rae1 b4 36. a4 Rc6 37. Re3 Ra8 38. Kf1 Rac8 39. Rc1 Re8 40. Rce1
Bd8 41. e7 Bb6 42. Re6 Rxe6 43. Rxe6 Bxd4 44. Bc1 b3 45. Rd6 c3 46. bxc3 Bxc3
47. Rxd5 Rxe7 48. Be3 b2 49. Rd1 Rb7 50. Rb1 Rb4 51. Ke2 Rxa4 52. Kd3 Ra1 53.
Kc2 a4 54. g3 hxg3 55. fxg3 a3 56. Bf4 g5 57. Bc7 a2 58. Rxb2 Bxb2 59. Kxb2 Rc1
0-1